Bioceramic augment scaffolds preparation by additive manufacturing using vat photopolymerization technology

Enregistré dans:
Détails bibliographiques
Auteur principal: Feiler, Peter (Auteur)
Autres auteurs: Janek, Marián (Directeur de thèse)
Format: Manuscrit Livre
Langue:slovaque
anglais
Publié: 2025
Sujets:
Accès en ligne:http://is.stuba.sk/zp/portal_zp.pl?podrobnosti=183371
Tags: Ajouter un tag
Pas de tags, Soyez le premier à ajouter un tag!

MARC

LEADER 00000ntm a22000003a 4500
001 stuzp104228
003 SK-STU
005 20250607210441.2
007 ta
008 150427s2015----xo-----f-mn---000-0-slo-d
040 |a STU  |b slo 
041 0 |a eng 
100 1 |a Feiler, Peter  |u 042110  |4 aut  |U FCHPT Ústav anorganickej chémie, technológie a materiálov  |T FCHPT Oddelenie anorganických materiálov  |X 110581  |U C2110  |Y 110  |7 110581 
242 0 1 |a Príprava biokeramických augmentových skafoldov aditívnou výrobou s použitím technológie vaňovej fotopolymerizácie  |y slo 
245 1 0 |a Bioceramic augment scaffolds preparation by additive manufacturing using vat photopolymerization technology 
260 |c 2025 
650 4 |a Bone implants  |2 eng 
650 4 |a Photoinhibitor  |2 eng 
650 4 |a 3D printing  |2 eng 
650 4 |a Digital light processing  |2 eng 
650 4 |a Hydroxyapatite  |2 eng 
650 4 |a 3D tlač  |2 slo 
650 4 |a fotoinhibítor  |2 slo 
650 4 |a Spracovanie digitálnym svetlom  |2 slo 
650 4 |a kostné implantáty  |2 slo 
650 4 |a Hydroxyapatit  |2 slo 
700 1 |a Janek, Marián  |u 042110  |k Z1  |4 ths  |U FCHPT Ústav anorganickej chémie, technológie a materiálov  |T FCHPT Oddelenie anorganických materiálov  |X 67435  |U C2110  |Y 110  |7 A000067435 
856 4 |u http://is.stuba.sk/zp/portal_zp.pl?podrobnosti=183371